000 00514nam a2200181 a 4500
001 612194
005 20240229002320.0
008 920313s1991 ce a b 000 0 eng
020 _a9559029037 :
040 _aDLC
_cDLC
_dDLC
082 _222
_a322.42
_bSRI.
100 1 _aChandraprema, C. A.,
245 1 0 _aSri Lanka, the years of terror :
_bthe J.V.P. insurrection, 1987-1989 /
_cC.A. Chandraprema.
250 _a1st ed.
260 _aColombo :
_bLake House Bookshop,
_c1991.
300 _aiv, 323 p. :
942 _cL
999 _c513
_d513